000 00812nam a2200289Ia 4500
005 20260324124438.0
008 008 260324s9999 xx 000 0 eng d
020 _a9780203859865
037 _aEBOOK
040 _aCRL
040 _beng
040 _cCRL
041 _2eng
041 _aeng
084 _qCRL
100 _aMarcos Fava Neves; Luciano Thome e Castro; Matheus Alberto Consoli
_91174187
245 0 _aMarketing Methods to Improve Company Strategy
245 0 _bApplied Tools and Frameworks to Improve a Company’s Competitiveness Using a Network Approach
260 _bTaylor and Francis
260 _c2010
365 _a
365 _b230
856 _uhttp://www.taylorfrancis.com/books/9780203859865
942 _cEBOOK
999 _c1768564
_d1768564